Vista normal Vista MARC

Entrada Topical Term

Número de registros utilizados en: 1

001 - CONTROL NUMBER

  • control field: 59991

003 - CONTROL NUMBER IDENTIFIER

  • control field: OSt

005 - DATE AND TIME OF LATEST TRANSACTION

  • control field: 20250605153940.0

008 - FIXED-LENGTH DATA ELEMENTS

  • fixed length control field: 250605|| aca||aabn | a|a d

040 ## - CATALOGING SOURCE

  • Original cataloging agency: OSt
  • Transcribing agency: OSt

150 ## - HEADING--TOPICAL TERM

  • Topical term or geographic name entry element: Lógica matemática
  • General subdivision: Problemas, ejercicios, etc

670 ## - SOURCE DATA FOUND

  • Source citation: Work cat.: (OSt)57226: Velasco, Gabriel autor 59990, Curiosidades matemáticas









Instituto Departamental de Cultura del Meta - Red Departamental de Bibliotecas Públicas del Meta.